The age of courtly writing (Record no. 184876)
[ view plain ]
| 000 -LEADER | |
|---|---|
| fixed length control field | 01536nam a2200373 a 4500 |
| 082 04 - DEWEY DECIMAL CLASSIFICATION NUMBER | |
| Classification number | 895.1/82409 |
| 100 1# - MAIN ENTRY--AUTHOR NAME | |
| Personal name | Wang, Ping, |
| 245 14 - TITLE STATEMENT | |
| Title | The age of courtly writing |
| 260 ## - PUBLICATION, DISTRIBUTION, ETC. (IMPRINT) | |
| Place of publication | Leiden ; |
| -- | Boston : |
| Name of publisher | Brill, |
| Year of publication | 2012. |
| 300 ## - PHYSICAL DESCRIPTION | |
| Number of Pages | x, 309 p. |
| 490 1# - SERIES STATEMENT | |
| Series statement | Sinica Leidensia, |
| 650 #0 - SUBJECT ADDED ENTRY--TOPICAL TERM | |
| Topical Term | Chinese literature |
| 856 40 - ELECTRONIC LOCATION AND ACCESS | |
| Uniform Resource Identifier | http://site.ebrary.com/lib/rucke/Doc?id=10569485 |
No items available.
